000 00547cam a22002055i 4500
999 _c7485
_d7485
005 20200310120821.0
008 141016s2015 ohu 000 0 eng
020 _a9781305081567
040 _aDLC
_beng
_erda
_cDLC
042 _apcc
082 _a624.15
_bDAS
100 1 _aDas, M. Braja.
245 1 0 _aPrinciples of foundation engineering :
_b8th edition /
_cBraja M. Das.
250 _aSi edition.
263 _a1501
300 _apages cm
906 _a0
_bibc
_corignew
_d2
_eepcn
_f20
_gy-gencatlg
942 _2ddc